[Event "XII Weekend B"]
[Site "Ceriano Laghetto ITA"]
[Date "2003.02.02"]
[Round "6"]
[White "Valsecchi, Luca"]
[Black "Bertuolo, Sergio"]
[Result "1/2-1/2"]
[WhiteElo "1449"]
[BlackElo "1491"]
[PlyCount "84"]
[EventDate "2003.01.25"]

1. d4 Nf6 2. c4 g6 3. Nc3 Bg7 4. e4 d6 5. f3 O-O 6. Be3 Nbd7 7. Bd3 c5 8. d5
Ne5 9. Nge2 Nxd3+ 10. Qxd3 a6 11. a4 Ne8 12. Qd2 f5 13. Bh6 Bxh6 14. Qxh6 Ng7
15. O-O e6 16. Nf4 e5 17. Nh3 Qe7 18. Ng5 Ne8 19. exf5 Bxf5 20. Nce4 Rc8 21.
Rae1 Nf6 22. Nxf6+ Rxf6 23. f4 e4 24. Re3 Qd7 25. Nxe4 Bxe4 26. Rxe4 Re8 27.
Rfe1 Rxe4 28. Rxe4 Rf5 29. Re6 Qf7 30. Rxd6 Qe8 31. Re6 Qf7 32. g4 Rxf4 33.
Re8+ Qxe8 34. Qxf4 Qe1+ 35. Qf1 Qe4 36. h3 Qd4+ 37. Kh1 Qe4+ 38. Kg1 Qd4+ 39.
Kh1 Qe4+ 40. Kg1 Qe3+ 41. Qf2 Qc1+ 42. Qf1 Qe3+ 1/2-1/2

[Event "XII Weekend B"]
[Site "Ceriano Laghetto ITA"]
[Date "2003.02.02"]
[Round "6"]
[White "Versari, Marino"]
[Black "Boffi, Luigi"]
[Result "0-1"]
[WhiteElo "1530"]
[BlackElo "1368"]
[PlyCount "72"]
[EventDate "2003.01.25"]

1. d4 Nf6 2. c4 c5 3. d5 b5 4. e3 b4 5. Nd2 a5 6. b3 g6 7. Bb2 d6 8. Ngf3 Bg7
9. Bd3 O-O 10. O-O Bg4 11. Re1 Nbd7 12. Qc2 Nb6 13. a3 Qc7 14. h3 Bd7 15. Ne4
Rab8 16. Nxf6+ exf6 17. a4 Rfe8 18. Re2 Re7 19. Rae1 Rbe8 20. Nd2 Bc8 21. Ne4
Nd7 22. f4 f5 23. Ng3 Nf6 24. e4 fxe4 25. Nxe4 Nh5 26. Bxg7 Kxg7 27. g4 Nxf4
28. Qb2+ Re5 29. Nxd6 Nxe2+ 30. Rxe2 Qxd6 31. Be4 Kg8 32. Bf3 Rxe2 33. Bxe2
Qg3+ 34. Kf1 Qxh3+ 35. Ke1 Bxg4 36. Kd1 Qh1+ 0-1

[Event "XII Weekend B"]
[Site "Ceriano Laghetto ITA"]
[Date "2003.02.02"]
[Round "6"]
[White "Virzi, Ettore"]
[Black "Libutti, Michele"]
[Result "1/2-1/2"]
[WhiteElo "1675"]
[BlackElo "1612"]
[PlyCount "29"]
[EventDate "2003.01.25"]

1. e4 c6 2. Nf3 d5 3. Nc3 Bg4 4. d4 e6 5. Be2 Nf6 6. exd5 cxd5 7. h3 Bxf3 8.
Bxf3 Bb4 9. Qd3 Nc6 10. O-O O-O 11. Bf4 Rc8 12. Ne2 Bd6 13. Bxd6 Qxd6 14. c3
Rfe8 15. Ng3 1/2-1/2